000 00428nam a2200169Ia 4500
008 230524s9999 xx 000 0 und d
020 _a0070495493
082 _a5.133
_bTIT
100 _aED Tittel
_925284
245 0 _aComputer Networking (Schaum's Series) Theory and Problems
250 _a1ST
260 _aNEW DELHI
_bTMH
_c2005
300 _aIX;311
500 _aQuantity Number: 1
650 _aComp-Sc
942 _cBK
999 _c37301
_d37301